000 00347nam a22001577a 4500
003 SGT
020 _a9789394525993
082 _a615.8
_bD24B
100 _aBBHISE, SWATI A.
245 _aDECODE PHYSIOTHERAPY THROUGH MCQS
250 _a1ST
260 _aINDIA
_bCBS PUB
_c2024
300 _a415
650 _aPHYSIOTHERAPY
942 _2ddc
_cBK
999 _c31017
_d31017